|
|
|
|
| LEADER |
01958nam a2200529 i 4500 |
| 001 |
nkc20172876319 |
| 003 |
CZ PrNK |
| 005 |
20170411123532.0 |
| 007 |
ta |
| 008 |
170127s2017 xr a a 000 0 cze |
| 015 |
|
|
|a cnb002876319
|
| 020 |
|
|
|a 978-80-256-1939-1
|q (brožováno)
|
| 035 |
|
|
|a (OCoLC)982106470
|
| 040 |
|
|
|a BOA001
|b cze
|d ABA001
|e rda
|
| 041 |
1 |
|
|a cze
|h eng
|
| 072 |
|
7 |
|a 821-93
|x Literatura pro děti a mládež (beletrie)
|2 Konspekt
|9 26
|
| 080 |
|
|
|a 821-93
|2 MRF
|
| 080 |
|
|
|a (076.1)
|2 MRF
|
| 080 |
|
|
|a (0.029)
|2 MRF
|
| 080 |
|
|
|a (084.053.2)
|2 MRF
|
| 100 |
1 |
|
|a Machell, Dawn
|7 mzk2017945972
|4 ill
|
| 240 |
1 |
0 |
|a Princess palace.
|l Česky
|
| 245 |
1 |
0 |
|a Zámek pro princezny /
|c ilustrovala Dawn Machell
|
| 250 |
|
|
|a První české vydání
|
| 264 |
|
1 |
|a Praha :
|b Svojtka & Co.,
|c 2017
|
| 300 |
|
|
|a 32 stran :
|b barevné ilustrace ;
|c 28 cm +
|e 10 nečíslovaných listů vylamovánek + 1 list s pěnovými nálepkami
|
| 336 |
|
|
|a text
|b txt
|2 rdacontent
|
| 336 |
|
|
|a statický obraz
|b sti
|2 rdacontent
|
| 337 |
|
|
|a bez média
|b n
|2 rdamedia
|
| 338 |
|
|
|a svazek
|b nc
|2 rdacarrier
|
| 500 |
|
|
|a Z angličtiny přeložil Jaroslav Kučera
|
| 500 |
|
|
|a Listy s vylamovánkami vlepeny na konci knihy, list s pěnovými nálepkami vložen do pouzdra přilepeného k obálce s výřezem
|
| 521 |
8 |
|
|a Pro děti od 3 let
|
| 655 |
|
7 |
|a pracovní sešity
|7 fd133116
|2 czenas
|
| 655 |
|
7 |
|a omalovánky
|7 fd182999
|2 czenas
|
| 655 |
|
7 |
|a skládanky
|7 fd133438
|2 czenas
|
| 655 |
|
7 |
|a publikace pro děti
|7 fd133156
|2 czenas
|
| 655 |
|
9 |
|a activity books
|2 eczenas
|
| 655 |
|
9 |
|a colouring books
|2 eczenas
|
| 655 |
|
9 |
|a puzzles
|2 eczenas
|
| 655 |
|
9 |
|a children's literature
|2 eczenas
|
| 700 |
1 |
|
|a Kučera, Jaroslav,
|d 1956-
|7 xx0069480
|4 trl
|
| 910 |
2 |
|
|a BOA001
|b 3-1385.220
|
| 990 |
|
|
|a BK
|
| 995 |
|
|
|a 01
|
| 991 |
|
|
|b 201703
|c NOV
|
| 996 |
6 |
|
|b 2610700784
|c 3-1385.220
|l MZK
|r Sklad / do 1 hodiny
|n 0
|p p.v.
|w 001603174
|u 000010
|a 1
|e BOA001
|j MZK50
|s P
|